| 000 -LEADER |
| fixed length control field |
00699nam a22002057a 4500 |
| 003 - CONTROL NUMBER IDENTIFIER |
| control field |
OSt |
| 005 - DATE AND TIME OF LATEST TRANSACTION |
| control field |
20190503084641.0 |
| 008 - FIXED-LENGTH DATA ELEMENTS--GENERAL INFORMATION |
| fixed length control field |
180227b xxu||||| |||| 00| 0 spa d |
| 040 ## - CATALOGING SOURCE |
| Transcribing agency |
PJ |
| 100 ## - ASIENTO PRINCIPAL - NOMBRE DE PERSONA |
| 9 (RLIN) |
4159 |
| Personal name |
Altamira Gigena, Julio Isidro |
| 245 14 - MENCIÓN DE TÍTULO |
| Título propiamente dicho |
Los principios generales del derecho como fuente del derecho administrativo / |
| Mención de responsabilidad, etc |
Julio Isidro Altamira Gigena. |
| 260 ## - PUBLICATION, DISTRIBUTION, ETC. (IMPRINT) |
| Place of publication, distribution, etc |
Buenos Aires : |
| Name of publisher, distributor, etc |
Astrea, |
| Date of publication, distribution, etc |
1972. |
| 300 ## - DESCRIPCION FISICA |
| Extent |
82 p. |
| Dimensions |
18 cm. |
| 490 ## - MENCION DE SERIE |
| Mención de Serie |
Ensayos Jurídicos |
| Designación numérica/secuencial del volumen |
6 |
| 500 ## - NOTA GENERAL |
| General note |
Notas y citas a pie de página. |
| 504 ## - NOTA DE BIBLIOGRAFÍA, ETC. |
| Bibliography, etc |
Bibliografía: p. 79-82. |
| 650 #0 - ASIENTO SECUNDARIO DE MATERIA - TERMINO TEMATICO |
| Topical term or geographic name as entry element |
DERECHO ADMINISTRATIVO |
| 9 (RLIN) |
211 |
| 650 #0 - ASIENTO SECUNDARIO DE MATERIA - TERMINO TEMATICO |
| Topical term or geographic name as entry element |
PRINCIPIOS GENERALES DEL DERECHO |
| 9 (RLIN) |
1676 |
| 942 ## - ADDED ENTRY ELEMENTS (KOHA) |
| Source of classification or shelving scheme |
|
| Koha item type |
Libros |
| Classification part |
342.9 |
| Item part |
ALT |